00532nam a22001577a 4500020001800000041000800018082001700026100002900043245010200072260002300174300000800197650003400205942000700239952011100246999001700357 a9788184656190 aENG a207.509bBAS aBasumatary, Shyam Kumar, aKeeping faith : an integrative model of Christian religious education in postcolonial perspective aDelhibISPCKc2017 a286 aPostcolonialismaIndia--Assam cBK 00104070aHMIbHMIcGENd2020-06-11eISPCKg400.00l0o207.509 BASp11004382r2026-01-16w2026-01-16yBK c22963d22963